Identidad, exclusión y racismo: reflexiones teóricas y sobre México /
Se analiza el tema del racismo tanto desde el punto de vista teórico -en referencia fundamentalmente con sus lógicas centrales y en su relación con la modernidad- como desde sus manifestaciones en México. Para ello, se revisan algunos conceptos centrales para ubicar el problema de la raza considerad...
Guardado en:
| Autor principal: | |
|---|---|
| Formato: | Texto |
| Materias: | |
| Etiquetas: |
Agregar Etiqueta
Sin Etiquetas, Sea el primero en etiquetar este registro!
|
MARC
| LEADER | 00000 a a2200000 04500 | ||
|---|---|---|---|
| 001 | 16527 | ||
| 003 | |||
| 040 | |||
| 100 | |a Gall, Olivia | ||
| 245 | |a Identidad, exclusión y racismo: reflexiones teóricas y sobre México / |c Olivia Gall | ||
| 520 | |a Se analiza el tema del racismo tanto desde el punto de vista teórico -en referencia fundamentalmente con sus lógicas centrales y en su relación con la modernidad- como desde sus manifestaciones en México. Para ello, se revisan algunos conceptos centrales para ubicar el problema de la raza considerada como una construcción social, frente a otras construcciones sociales centrales: la etnicidad y el género | ||
| 650 | |a DISCRIMINACION RACIAL | ||
| 650 | |a IDENTIDAD CULTURAL | ||
| 650 | |a POBLACION INDIGENA | ||
| 650 | |a MUJERES | ||
| 650 | |a HISTORIOGRAFIA | ||
| 773 | |g volumen 66, número 2; páginas 221-259 | ||
| 999 | |c 20562 |d 20562 | ||
